| 000 | 00428nam a2200169Ia 4500 | ||
|---|---|---|---|
| 001 | 24532 | ||
| 003 | IN-NITTTR | ||
| 005 | 20251114233314.0 | ||
| 008 | 251113s9999||||xx |||||||||||||| ||eng|| | ||
| 040 | _beng | ||
| 040 | _cIN-NITTTR | ||
| 041 | _aeng | ||
| 082 | _a382.45001F491 | ||
| 245 | 0 |
_aFinancial and cosultancy services : _b issues in international trade / _cRao, V. L., ed. |
|
| 700 | _aRao, V. L. | ||
| 942 |
_2ddc _cBK |
||
| 999 |
_c27161 _d27161 |
||